00692nam a2200181 a 450000100100000000500170001000800410002702000180006804000250008608200150011110000350012624501090016126000490027030000210031950000760034050000630041670000310047900004548920201002052258.0150410s2015 dr 000 0 spa d a9789945898200 aDO-SdBNPbspacBNPHU axxxxbxxxx1 aCruz García, José Aníbal10aCrisis y decadencia de una sociedad enferma /cJosé Aníbal Cruz Garcia ; prólogo José J. Dergan. aSanto Domingo :bJosé J. Ferreiras,c2015. a200 p. ;c22 cm. aIncluye datos biográficos del autor en la solapa de la contracubierta aLa biblioteca posee 2 ejemplares autografiado por el autor12aDergan, José J.epról.